Guess The Country By The Pictures - Statistics

General Stats
  • This quiz has been taken 91 times
  • The average score is 29 of 54
Answer Stats
Picture Answer % Correct
France
97%
Italy
97%
United States
93%
Australia
90%
China
90%
Egypt
90%
India
90%
United Kingdom
87%
Russia
84%
Spain
81%
Mexico
79%
Peru
78%
Germany
76%
United Arab Emirates
76%
Greece
74%
Japan
72%
Netherlands
71%
Brazil
69%
Norway
69%
Cuba
60%
Turkey
56%
South Africa
54%
Denmark
50%
Hungary
50%
Canada
49%
Croatia
47%
Malaysia
47%
Thailand
47%
Cambodia
46%
Israel
46%
Saudi Arabia
44%
Tanzania
44%
Romania
43%
Austria
41%
Ireland
40%
Vietnam
40%
Ukraine
38%
Poland
37%
Indonesia
35%
Colombia
34%
Kazakhstan
34%
Sweden
34%
Bulgaria
32%
Uzbekistan
32%
Argentina
29%
Chile
28%
Qatar
28%
Portugal
26%
Estonia
25%
Morocco
25%
Uruguay
25%
South Korea
22%
Serbia
21%
Panama
15%
No matching quizzes found
Score Distribution
Percent of People with Each Score
Percentile by Number Answered
Your Score History
You have not taken this quiz